Statistics for PlayerUnknown's Battlegrounds Map quiz

Click here to take the quiz!

General Stats

  • This quiz has been taken 5 times
  • The average score is 2 of 20

Answers on the Map

Answers color-coded by a green-red scale on the quiz's map according to % correct below.
Loading ...
 

Answer Stats

Answer% Correct
Ferry Pier
60%
Farm
40%
Severny
20%
Novorepnoye
20%
Hospital
20%
Mylta power
20%
Goergepool
20%
Mansion
0%
Lipovka
0%
Prison
0%
shelter
0%
Shooting Range
0%
Mylta
0%
Yasyana Polyana
0%
Gatka
0%
Quarry
0%
Plmorsk
0%
Kameshki
0%
stalber
0%
Zharki
0%

Score Distribution

Percentile by Number Answered

Percent of People with Each Score

Your Score History

You have not taken this quiz